[Event "LUX-chABC"]
[Site "Dudelange"]
[Date "1997.04.03"]
[Round "6.39"]
[White "Romano, Antonino"]
[Black "Bigdowski, Robert"]
[Result "1-0"]
[WhiteElo "1495"]
[BlackElo "1530"]
[PlyCount "63"]
[EventDate "1997.03.29"]
[EventType "swiss"]
[EventRounds "9"]
[EventCountry "LUX"]
[SourceTitle "EXT 2013"]
[Source "ChessBase"]
[SourceDate "2012.11.22"]
[SourceVersion "1"]
[SourceVersionDate "2012.11.22"]
[SourceQuality "1"]

1. d4 d5 2. e3 e6 3. c4 c6 4. Nf3 Nf6 5. Nc3 Bb4 6. Bd2 0-0 7. Qc2 Nbd7 8. Bd3 dxc4 9. Bxc4 b5 10. Bd3 g6 11. 0-0 Nd5 12. Ne4 Bxd2 13. Qxd2 f5 14. Neg5 Bb7 15. Nxe6 Qf6 16. Nxf8 Rxf8 17. Rfe1 g5 18. e4 g4 19. Qg5+ Qxg5 20. Nxg5 Nb4 21. Red1 Nxd3 22. Rxd3 fxe4 23. Nxe4 h5 24. Rg3 Nf6 25. Nxf6+ Rxf6 26. h3 Rg6 27. Re1 h4 28. Rxg4 Rxg4 29. hxg4 Kf7 30. Re5 Bc8 31. f3 Be6 32. a3 1-0

[Event "LUX-chABC"]
[Site "Dudelange"]
[Date "1997.04.02"]
[Round "5.35"]
[White "Bigdowski, Robert"]
[Black "Biwer, Joel"]
[Result "0-1"]
[WhiteElo "1530"]
[BlackElo "1730"]
[PlyCount "92"]
[EventDate "1997.03.29"]
[EventType "swiss"]
[EventRounds "9"]
[EventCountry "LUX"]
[SourceTitle "EXT 2013"]
[Source "ChessBase"]
[SourceDate "2012.11.22"]
[SourceVersion "1"]
[SourceVersionDate "2012.11.22"]
[SourceQuality "1"]

1. e4 e6 2. d4 d5 3. Nd2 Nf6 4. e5 Nfd7 5. Ngf3 c5 6. Nb3 Nc6 7. Bg5 Qb6 8. Be3 c4 9. Nbd2 Qxb2 10. Rb1 Qxa2 11. Ra1 Qb2 12. Rb1 Qa3 13. Be2 Be7 14. Ra1 Qb4 15. Rb1 Qa5 16. Ra1 Qc7 17. 0-0 b5 18. c3 0-0 19. Qc2 Qd8 20. Rfb1 a6 21. Rxb5 Rb8 22. Rxb8 Ndxb8 23. Ra2 Nd7 24. Nf1 f6 25. Bf4 fxe5 26. Bxe5 Ndxe5 27. Nxe5 Nxe5 28. dxe5 Qc7 29. Nd2 Qxe5 30. Nf3 Qd6 31. Ra1 Bd7 32. Rd1 Bf6 33. Bxc4 Rc8 34. Bd3 h6 35. Qa2 Bb5 36. Bxb5 axb5 37. Rc1 Rxc3 38. Rxc3 Bxc3 39. Qa8+ Kh7 40. g3 b4 41. Qa2 d4 42. Nxd4 Bxd4 43. Qc2+ g6 44. Qc8 Bg7 45. Qb7 Qd1+ 46. Kg2 Qd5+ 0-1